| 000 | 00427cam a2200169ua 4500 | ||
|---|---|---|---|
| 020 | _c275.00 | ||
| 041 |
_aeng _h |
||
| 082 |
_a025 _bKAU/LI |
||
| 100 | _aKaushik, Prashant . | ||
| 245 |
_aLibrary classification / _cPrashant Kaushik. _hTextual Documents |
||
| 260 |
_aNew Delhi : _bAnmol Publications Pvt Ltd , _c2006. |
||
| 300 | _a ; . | ||
| 365 | _a275.00 | ||
| 504 | _a | ||
| 942 | _cBK | ||
| 999 |
_c13554 _d13554 |
||